Największe państwa w historii - Statystyki

Ogólne statystyki
  • Ten quiz został rozwiązany 869 razy
  • Średni wynik to 3 z 10
Statystyki odpowiedzi
Powierzchnia Nazwa % Poprawnych
17,1 mln km² Rosja
87%
22,4 mln km² ZSRR
51%
33,0 mln km² Imperium Mongolskie
45%
33,2 mln km² Imperium Brytyjskie
44%
23,7 mln km² Imperium Rosyjskie
18%
20,0 mln km² Hiszpańskie Imperium Kolonialne
6%
13,0 mln km² Francuskie Imperium Kolonialne
5%
11,1 mln km² Kalifat Abbasydów
3%
14,7 mln km² Cesarstwo Qing
2%
13,0 mln km² Kalifat Umajjadów
2%
Nie znaleziono quizów pasujących do podanych kryteriów
Rozkład punktacji
Procent ludzi z każdym wynikiem
Percentyl według liczby udzielonych odpowiedzi
Twoja historia wyników
Nie rozwiązałeś tego quizu